000 00821nam a2200265Ia 4500
003 PE SENCICO BE
005 20251020182537.0
008 200515s9999 xx 000 0 und d
020 _a978-84-15829-66-9
040 _aPE SENCICO BE
_cPE SENCICO BE
041 _aeng
082 _a728.37
_bI5
110 1 _9238
_aInstituto Monsa de Ediciones
245 0 _aOriginal houses /
_cInstituto Monsa de Ediciones
250 _a[1a ed.]
260 _aBarcelona :
_bMonsa,
_c2014
300 _a111 p. :
_bil. col., lams.,
_c24 cm.
650 1 4 _aViviendas
_977
650 2 4 _aDistribución de espacios (viviendas)
_9199
650 2 4 _aArquitectura de viviendas
_9370
650 2 4 _aCasas de campo
_9190
650 2 4 _aDiseƱo de interiores
_944
942 _cLIB
_2ddc
_h728.37
_iI5
999 _c2285
_d2285